000 00532nam a22001697a 4500
003 BD-ChCU
005 20251130094956.0
008 251130b bg ||||| |||| 00| 0 ben d
040 _cBD-ChCU
082 _a331.0954 SRL
100 _aSreenivasan, M. A.
_917116
245 _aLabour in India :
_bsocio-economic conditions of workers in the Kolar Gold Mines.//
_cM. A. Sreenivasan,
260 _aNew Delhi.
_bVikas Pub.
_c1980
300 _axiv, 104p
650 0 _aLabour and Labouring Classes - India.
_917119
942 _2ddc
_cBK
_n0
999 _c109945
_d109945